Normal view
MARC view
Entry Topical Term
001 - CONTROL NUMBER
- control field: 88090
003 - CONTROL NUMBER IDENTIFIER
- control field: dpl
005 - DATE AND TIME OF LATEST TRANSACTION
- control field: 20260306152540.0
008 - FIXED-LENGTH DATA ELEMENTS
- fixed length control field: 260306|| aca||aabn | a|a d
040 ## - CATALOGING SOURCE
- Original cataloging agency: dpl
- Transcribing agency: dpl
150 ## - HEADING--TOPICAL TERM
- Topical term or geographic name as entry element: Hindi Stories
670 ## - SOURCE DATA FOUND
- Source citation: Work cat.: (dpl)215345: ब्रह्मदेव 88088, विश्व प्रसिद्ध इक्यावन लोक-कथायें /, 2026
